30. 1. 1933 - nástup Hitlera k moci začátek konce Československa

Bibliographic Details
Main Author: Klimek, Antonín, 1937-2005 (Author)
Format: Book
Language:Czech
PhysicalDescription:197 s. 18 cm
Published: Praha Havran 2003
ISBN:8086515281
Edition:1. vyd.
Series:Dny, které tvořily české dějiny
Subjects:

MARC

LEADER 00000nam a2200000 a 4500
001 vtls008155115
003 SK-MaSNL
005 20260301122633.0
008 251106s2003 xr n 000 0 cze
015 |a SNBZSA2005-00217 
020 |a 8086515281  |q (viaz.) 
040 |a SNK  |b slo  |c SNK  |e AACR2 
041 0 |a cze 
043 |a e-cs---  |a e-gw--- 
044 |a xr 
072 7 |a 94(437)  |x Dejiny Česka a Slovenska  |2 konspekt 
080 |a 94(437)  |2 snkbuxs 
080 |a 327(437:430)  |2 snkbuxs 
080 |a 94(430)  |2 snkbuxs 
080 |a 323.1  |x (=112.2)  |x (437)  |2 snkbuxs 
100 1 |a Klimek, Antonín,  |d 1937-2005  |4 aut  |9 74526 
245 1 0 |a 30. 1. 1933 - nástup Hitlera k moci  |b začátek konce Československa  |c Antonín Klimek 
246 3 |a Třicátého ledna 1933 - nástup Hitlera k moc 
246 3 3 |a Začátek konce Československa 
246 3 3 |a Nástup Hitlera k moci 
250 |a 1. vyd. 
260 |a Praha  |b Havran  |c 2003 
300 |a 197 s.  |c 18 cm 
490 1 |a Dny, které tvořily české dějiny 
500 |a Fotogr. na obál. a front. 
504 |a Bibliogr. 
650 0 7 |a Nemci  |z Česko-Slovensko  |x dejiny  |2 snkbuxs  |9 468466 
650 0 7 |a nacizmus  |2 snkph  |9 4473 
650 0 7 |a dejiny medzinárodných vzťahov  |2 snkbuxs  |9 67709 
651 7 |a Československo  |x dejiny  |2 snkbuxs  |9 161432 
651 7 |a Nemecko  |x dejiny  |2 snkbuxs  |9 27870 
651 7 |a Československo  |x zahraničné vzťahy  |y 1933-1938  |2 SNK  |9 468467 
651 7 |a Nemecko  |x zahraničné vzťahy  |y 1933-1938  |2 SNK  |9 468468 
655 7 |a štúdie  |2 snkph  |9 57033 
830 0 |a Dny, které tvořily české dějiny  |9 304017 
919 |a 80-86515-28-1 
958 |a ZS 
958 |a CZ 
958 |a DE 
958 |a NB 
999 |c 733539  |d 735469 
952 |a SNK  |b SNK  |y PREZ  |7 0  |p 17A0471581  |o snkSD 74813  |i snk2005/9349  |8 2  |g 7.63  |0 0  |1 0  |4 0  |d 2005-05-19  |l 0  |r 2025-11-21 00:00:00  |w 2026-02-23